| 000 | 01520nam a22002297a 4500 | ||
|---|---|---|---|
| 001 | 6701 | ||
| 003 | FISKH | ||
| 005 | 20250521115742.0 | ||
| 008 | 250521b cb ||||| |||| 00| 0 eng d | ||
| 040 |
_aFISKH _bkhr _cFISKH _dFISKH |
||
| 082 | _a800 | ||
| 100 | _aYun, Keum | ||
| 245 |
_aសៀវភៅកូនល្អ / _cរៀបរៀងដោយខ្ញុំព្រះករុណា អាត្មាភាព ឧទ្ទេសាចារ្យ ( សទ្ធម្មប្បញ្ញេ ) ខឺម យ៉ុន |
||
| 260 |
_aភ្នំពេញ : _c២០១០ . |
||
| 300 |
_a146 pages : _billustrations ; _c21 cm . |
||
| 520 | _aសៀវភៅកូនល្អនេះចងក្រងឡើងសម្រាប់ដាស់តឿនដល់បញ្ញាស្មារតីរបស់កូនប្រុសស្រីអោយមានការភ្ញាក់រលឺកឃើញគុណតាមសេចក្តីពិត ពោលគឺឃើញគុណមាតាបិតាដែលខំបីបាច់ថែរក្សាតាំងពីតូចមក ។ | ||
| 520 | _aThis book, "The Good Child," was compiled to awaken the minds and consciousness of boys and girls, encouraging them to truly recognize and appreciate the gratitude they owe—especially the gratitude toward their parents, who have cared for them selflessly since childhood. | ||
| 650 | _aកូនល្អ | ||
| 650 | _aKon la or | ||
| 942 |
_2ddc _cKHB _n0 |
||
| 999 |
_c6701 _d6701 |
||